Statistics for Top 10 Snowiest Cities

Click here to take the quiz!

General Stats

  • This quiz has been taken 48 times
  • The average score is 1 of 10

Answer Stats

Average SnowfallCountryCity% Correct
19 FeetJapanSapporo
86%
10 FeetUSASyracuse
18%
32 FeetFranceChamonix
14%
36 FeetJapanNagano
14%
12 FeetJapanAkita
9%
26 FeetJapanAomori City
5%
33 FeetUSAAlyeska
0%
23 FeetUSAMt. Washington
0%
50 FeetJapanNiseko
0%
10 FeetCanadaSt. John's, Newfoundland and Labrador
0%

Score Distribution

Percentile by Number Answered

Percent of People with Each Score

Your Score History

You have not taken this quiz